000 00638nam a2200181Ia 4500
003 GCL
008 140319s9999 xx 000 0 ara d
040 _aGCL /
_cGCL
082 0 4 _a341.2
_bك ح
100 1 _aكريم يوسف احمد كشاكش
245 1 0 _aالحريات العامة فى الانظمة السياسية المعاصرة /
_cكريم يوسف احمد كشاكش
260 _a[S.N] :
_bمنشاة المعارف الاسلامية ،
_c1987
300 _a699 ص
490 _aسلسلة الكتب القانونية
_v0
650 0 4 _aالقانون
650 0 4 _aالقانون الدولى
942 _2ddc
_cBK
999 _c54552
_d54552